Normal view
MARC view
Entry Personal Name
001 - CONTROL NUMBER
- control field: 529821
003 - CONTROL NUMBER IDENTIFIER
- control field: OSt
005 - DATE AND TIME OF LATEST TRANSACTION
- control field: 20220930072435.0
008 - FIXED-LENGTH DATA ELEMENTS
- fixed length control field: 220930|| aca||aabn | a|a d
040 ## - CATALOGING SOURCE
- Original cataloging agency: OSt
- Transcribing agency: OSt
100 ## - HEADING--PERSONAL NAME
- Personal name: Vidhotma
670 ## - SOURCE DATA FOUND
- Source citation: Work cat.: (OSt)863901: Vidhotma, Tulsi ke avdhi kavya mein vakrokrit, 1976
